|
|
|
|
| LEADER |
03817nam a2200805 i 4500 |
| 001 |
nkc20203266261 |
| 003 |
CZ PrNK |
| 005 |
20210210100017.0 |
| 007 |
ta |
| 008 |
201125s2020 xr ach e 000 0dcze |
| 015 |
|
|
|a cnb003266261
|
| 020 |
|
|
|a 978-80-214-5886-4
|q (Vysoké učení technické ;
|q vázáno)
|
| 020 |
|
|
|a 978-80-86830-34-6
|q (Sdružení Bienále Brno ;
|q vázáno)
|z 978-80-8630-34-6
|
| 035 |
|
|
|a (OCoLC)1237098559
|
| 040 |
|
|
|a BOA001
|b cze
|d ABA001
|e rda
|
| 041 |
0 |
|
|a cze
|a ger
|a slo
|b eng
|
| 043 |
|
|
|a e-xr---
|
| 045 |
|
|
|a x-y-
|
| 072 |
|
7 |
|a 76
|x Grafické umění. Grafika
|2 Konspekt
|9 21
|
| 080 |
|
|
|a 76(437.3)
|2 MRF
|
| 080 |
|
|
|a 659.133.1:766
|2 MRF
|
| 080 |
|
|
|a 7.036/.038
|2 MRF
|
| 080 |
|
|
|a (437.3)
|2 MRF
|
| 080 |
|
|
|a (084.11)
|2 MRF
|
| 100 |
1 |
|
|a Aubrecht, Karel,
|d 1956-
|7 jo20010084297
|4 aut
|
| 245 |
1 |
0 |
|a Jan Rajlich ml. :
|b mikrosvět : plakáty, grafika = posters, graphics /
|c původní texty: Karel Aubrecht, Dana Doricová, Ondřej Chrobák, Vít Jakubíček, Sergej Serov, Zdzisław Schubert ; použité starší texty: Yvonna Boháčová, Bronislava Gabrielová, Jiří Hlušička, Dušan Junek, Filip Krutek, Ludvík Kundera, Tomáš Mazáč, Tomas Podzimek, Bořivoj Srba, Marta Sylvestrová
|
| 246 |
3 |
0 |
|a Mikrosvět
|
| 246 |
3 |
3 |
|a Makrosvět
|
| 264 |
|
1 |
|a Brno :
|b VUTIUM :
|b Sdružení Bienále Brno,
|c 2020
|
| 300 |
|
|
|a 224 stran :
|b ilustrace (převážně barevné), portréty, faksimile ;
|c 34 cm
|
| 336 |
|
|
|a text
|b txt
|2 rdacontent
|
| 336 |
|
|
|a statický obraz
|b sti
|2 rdacontent
|
| 337 |
|
|
|a bez média
|b n
|2 rdamedia
|
| 338 |
|
|
|a svazek
|b nc
|2 rdacarrier
|
| 500 |
|
|
|a V podnázvu ve slově "makrosvět" červeně přetištěno písmeno a na písmeno i
|
| 500 |
|
|
|a Životopisná data, přehled výstav a zastoupení ve sbírkách
|
| 504 |
|
|
|a Obsahuje bibliografii a bibliografické odkazy
|
| 546 |
|
|
|a Částečně slovenský a německý text, anglická resumé
|
| 600 |
1 |
7 |
|a Rajlich, Jan,
|d 1950-
|7 jn20000402098
|2 czenas
|
| 648 |
|
7 |
|a 20.-21. století
|7 ch462155
|2 czenas
|
| 650 |
0 |
7 |
|a česká grafika
|7 ph128116
|y 20.-21. století
|2 czenas
|
| 650 |
0 |
7 |
|a umělecké plakáty
|7 ph165116
|z Česko
|y 20.-21. století
|2 czenas
|
| 650 |
0 |
7 |
|a moderní umění
|7 ph115340
|z Česko
|2 czenas
|
| 650 |
0 |
9 |
|a Czech prints
|y 20th-21st centuries
|2 eczenas
|
| 650 |
0 |
9 |
|a artistic posters
|z Czechia
|y 20th-21st centuries
|2 eczenas
|
| 650 |
0 |
9 |
|a modern art
|z Czechia
|2 eczenas
|
| 655 |
|
7 |
|a obrazové publikace
|7 fd132947
|2 czenas
|
| 655 |
|
9 |
|a pictorial works
|2 eczenas
|
| 700 |
1 |
|
|a Doricová, Dana
|7 jx20060302017
|4 aut
|
| 700 |
1 |
|
|a Chrobák, Ondřej,
|d 1975-
|7 mzk2006324174
|4 aut
|
| 700 |
1 |
|
|a Jakubíček, Vít,
|d 1987-
|7 xx0198679
|4 aut
|
| 700 |
1 |
|
|a Serov, Sergej Ivanovič,
|d 1952-
|7 mzk20201089154
|4 aut
|
| 700 |
1 |
|
|a Schubert, Zdzisław
|7 jx20070423020
|4 aut
|
| 700 |
1 |
|
|a Boháčová, Yvonna,
|d 1951-1994
|7 jn20000728056
|4 aut
|
| 700 |
1 |
|
|a Gabrielová, Bronislava,
|d 1930-2005
|7 jn20000400749
|4 aut
|
| 700 |
1 |
|
|a Hlušička, Jiří,
|d 1929-2024
|7 jk01041358
|4 aut
|
| 700 |
1 |
|
|a Junek, Dušan,
|d 1943-
|7 jn20010602082
|4 aut
|
| 700 |
1 |
|
|a Krutek, Filip,
|d 1990-
|7 mzk20201095868
|4 aut
|
| 700 |
1 |
|
|a Kundera, Ludvík,
|d 1920-2010
|7 jk01070892
|4 aut
|
| 700 |
1 |
|
|a Mazáč, Tomáš,
|d 1962-2017
|7 ola200202293
|4 aut
|
| 700 |
1 |
|
|a Podzimek, Tomas,
|d 1952-
|7 mzk20201095869
|4 aut
|
| 700 |
1 |
|
|a Srba, Bořivoj,
|d 1931-2014
|7 jn99240001115
|4 aut
|
| 700 |
1 |
|
|a Sylvestrová, Marta,
|d 1955-
|7 mzk2003200024
|4 aut
|
| 700 |
1 |
|
|a Rajlich, Jan,
|d 1950-
|7 jn20000402098
|4 ill
|
| 910 |
2 |
|
|a BOA001
|b 4-1456.379
|
| 990 |
|
|
|a BK
|
| 995 |
|
|
|a 01
|
| 991 |
|
|
|b 202012
|c NOV
|
| 996 |
6 |
|
|b 2610847215
|c 4-1456.379
|l MZK
|r Sklad / do 1 hodiny
|n 0
|p p.v.
|w 001835989
|u 000010
|a 1
|e BOA001
|j MZK50
|s P
|
| 996 |
7 |
|
|b 2610847216
|c 4-1456.379
|l MZK
|r Sklad / do 1 hodiny
|n 1
|p p.v.
|w 001835989
|u 000020
|a 1
|e BOA001
|j MZK50
|s A
|